000 00411nam a2200181Ia 4500
005 20251020182559.0
008 200515s9999 xx 000 0 und d
082 _aSC/331.053.2/O36
110 _aOIT
245 0 _aEl trabajo infantíl : Manual de información
260 _aGinebra
260 _c1987
300 _a93
650 _aLIB
650 _aPUB OIT
650 _aTRABAJO INFANTIL
942 _cLIB
999 _c2981
_d2981